Top 100 most developed countries in 2023 - Statistics

General Stats
  • This quiz has been taken 339 times
  • The average score is 77 of 100
Answer Stats
Continent Country HDI in the last 3 years % Correct
Oceania Australia 0.95
96%
Europe Finland 0.94
96%
Europe UK 0.93
96%
Europe Denmark 0.95
95%
Europe France 0.9
95%
Europe Norway 0.96
95%
Europe Sweden 0.95
95%
Europe Switzerland 0.96
95%
Europe Austria 0.92
94%
North America Canada 0.94
94%
Europe Germany 0.94
94%
Europe Italy 0.9
94%
Oceania New Zealand 0.94
94%
Europe / Asia Russia 0.82
94%
Europe Spain 0.91
94%
North America USA 0.92
94%
Europe Iceland 0.96
92%
Asia Japan 0.93
92%
Europe Ireland 0.95
91%
Europe Netherlands 0.94
91%
Europe Poland 0.88
91%
Europe Portugal 0.87
91%
Asia South Korea 0.93
91%
South America Argentina 0.84
90%
Europe Croatia 0.86
90%
Europe Greece 0.89
90%
Europe Luxembourg 0.93
90%
Europe Belgium 0.94
89%
South America Chile 0.86
89%
Europe Romania 0.82
89%
Asia Singapore 0.94
89%
Europe Slovakia 0.85
89%
Europe Slovenia 0.92
89%
Europe Czechia 0.89
88%
Europe Latvia 0.86
88%
Europe Lithuania 0.88
88%
Europe / Asia Turkey 0.84
88%
Asia China 0.77
87%
Europe Estonia 0.89
87%
Europe Serbia 0.8
87%
South America Brazil 0.75
86%
Europe Ukraine 0.77
86%
Europe Andorra 0.86
85%
Asia Israel 0.92
85%
Asia Saudi Arabia 0.88
85%
Europe Hungary 0.85
84%
North America Mexico 0.76
84%
Asia Qatar 0.86
84%
Asia United Arab Emirates 0.91
84%
Europe Bulgaria 0.8
83%
Europe / Asia Cyprus 0.9
82%
Europe San Marino 0.85
82%
Europe Albania 0.8
81%
Europe Bosnia 0.78
81%
Asia Malaysia 0.8
81%
Europe Montenegro 0.83
80%
South America Peru 0.76
80%
Europe Belarus 0.81
79%
South America Colombia 0.75
79%
Europe / Asia Georgia 0.8
79%
Asia Kuwait 0.83
79%
Europe Malta 0.92
79%
South America Uruguay 0.81
79%
Asia Bahrain 0.88
78%
Europe / Asia Armenia 0.76
77%
Asia Thailand 0.8
76%
Asia Kazakhstan 0.81
75%
Europe Moldova 0.77
74%
North America Panama 0.81
74%
North America Costa Rica 0.81
73%
Asia Oman 0.82
73%
South America Ecuador 0.74
72%
Africa Egypt 0.73
71%
Asia Iran 0.77
69%
North America Cuba 0.76
67%
Europe Macedonia 0.77
67%
North America Bahamas 0.81
65%
Asia Brunei 0.83
60%
Oceania Fiji 0.73
60%
North America Dominican Republic 0.77
59%
North America Barbados 0.79
58%
South America Suriname 0.73
56%
South America Trinidad 0.81
56%
Asia Uzbekistan 0.73
56%
North America Grenada 0.8
55%
North America Saint Kitts 0.78
55%
Africa Tunisia 0.73
55%
Africa Algeria 0.75
54%
North America Saint Vincent 0.75
54%
Asia Mongolia 0.74
53%
North America Antigua 0.79
49%
Africa Seychelles 0.79
48%
Asia Turkmenistan 0.75
47%
Asia Maldives 0.75
46%
Africa Mauritius 0.8
46%
Oceania Palau 0.77
43%
Asia Sri Lanka 0.78
40%
Oceania Tonga 0.75
39%
Europe Lichtenstein 0.94
11%
Europe / Asia Azerbaidjan 0.75
2%
No matching quizzes found
Score Distribution
Percent of People with Each Score
Percentile by Number Answered
Your Score History
You have not taken this quiz